Dân tộc Cơ Lao ở Việt Nam : Truyền thống và biến đổi
Sách viết về dân tộc Cơ Lao, những truyền thống xưa nay cũng như những biến đổi trong thời gian gần đây.
Enregistré dans:
| Auteur principal: | |
|---|---|
| Format: | Livre |
| Langue: | Undetermined |
| Publié: |
Hà Nội
Văn hóa Thông tin
2012
|
| Sujets: | |
| Tags: |
Ajouter un tag
Pas de tags, Soyez le premier à ajouter un tag!
|
| Thư viện lưu trữ: | Trung tâm Học liệu Trường Đại học Cần Thơ |
|---|
| LEADER | 00886nam a2200229Ia 4500 | ||
|---|---|---|---|
| 001 | CTU_180096 | ||
| 008 | 210402s9999 xx 000 0 und d | ||
| 082 | |a 305.8959 | ||
| 082 | |b H406 | ||
| 100 | |a Phạm, Quang Hoan | ||
| 245 | 0 | |a Dân tộc Cơ Lao ở Việt Nam : | |
| 245 | 0 | |b Truyền thống và biến đổi | |
| 245 | 0 | |c Phạm Quang Hoan (Chủ biên) ... [et al.] | |
| 260 | |a Hà Nội | ||
| 260 | |b Văn hóa Thông tin | ||
| 260 | |c 2012 | ||
| 520 | |a Sách viết về dân tộc Cơ Lao, những truyền thống xưa nay cũng như những biến đổi trong thời gian gần đây. | ||
| 650 | |a Folk literature, vietnamese,Ehnology,Co Lao (Southeast Asian people) | ||
| 650 | |x Civilization | ||
| 650 | |z Southeast asia | ||
| 904 | |i Trinh | ||
| 980 | |a Trung tâm Học liệu Trường Đại học Cần Thơ | ||